| 000 | 00595cam a22002291 4500 | ||
|---|---|---|---|
| 001 | af 47001147 | ||
| 003 | DLC | ||
| 005 | 20260227110806.0 | ||
| 008 | 791201s1943 gw 000 1 ger c | ||
| 010 | _aaf 47001147 | ||
| 035 | _a(OCoLC)5749103 | ||
| 040 |
_aYale Univ. Library _cNAlU _dDLC |
||
| 042 | _apremarc | ||
| 050 | 0 | 0 |
_aPT2619.A64 _bA7 |
| 082 | _a831.91 | ||
| 100 | 1 |
_aJakobs, Theodor, _d1896- |
|
| 245 | 1 | 4 | _aDer alte soldat. |
| 260 |
_aHamburg, _bHanseatische verlagsanstalt _c[1943] |
||
| 300 |
_a35 p. _c19 cm. |
||
| 490 | 0 | _aHanseaten-bücherei | |
| 500 | _aProse and poetry. | ||
| 999 |
_c1128 _d1128 |
||